| 000 | 00379nam a2200169Ia 4500 | ||
|---|---|---|---|
| 001 | 1895 | ||
| 003 | IN-NITTTR | ||
| 005 | 20251114232922.0 | ||
| 008 | 251113s9999||||xx |||||||||||||| ||eng|| | ||
| 040 | _beng | ||
| 040 | _cIN-NITTTR | ||
| 041 | _aeng | ||
| 082 | _a551 L139F | ||
| 100 | _aLahee, Frederic H. | ||
| 245 | 0 |
_aField geology. / _cLahee, Frederic H. |
|
| 942 |
_2ddc _cBK |
||
| 999 |
_c2716 _d2716 |
||